[Event "V Floripa Open 2019"]
[Site "Florianopolis"]
[Date "2019.01.21"]
[Round "1.168"]
[White "Rahn, Marlon Cristiano"]
[Black "Souza dos Santos, Matheus Garcett"]
[Result "0-1"]
[WhiteElo "1057"]
[BlackElo "1891"]
[PlyCount "57"]
[EventDate "2019.01.21"]
[EventType "swiss"]
[EventRounds "10"]
[EventCountry "BRA"]

1. c4 Nf6 2. Nc3 g6 3. g3 Bg7 4. Bg2 O-O 5. e3 d6 6. d4 Nbd7 7. Nf3 e5 8. dxe5 dxe5 9. O-O c6 10. Re1 Qe7 11. a3 Rd8 12. b3 e4 13. Nd4 c5 14. Nde2 Ne5 15. Bd2 Nf3+ 16. Bxf3 exf3 17. Nf4 g5 18. Nfd5 Nxd5 19. cxd5 g4 20. e4 Qe5 21. Qc1 Qh5 22. Kh1 b6 23. Ra2 Rd6 24. Nb5 Rg6 25. Nc7 Rb8 26. Ne8 Bh6 27. Qc3 Qh3 28. Kg1 Bxd2 29. Qe5 0-1

[Event "V Floripa Open 2019"]
[Site "Florianopolis"]
[Date "2019.01.21"]
[Round "1.169"]
[White "Crul, Otavio Augusto Barr"]
[Black "Nunes, Nicole"]
[Result "1-0"]
[WhiteElo "1890"]
[BlackElo "1022"]
[PlyCount "47"]
[EventDate "2019.01.21"]
[EventType "swiss"]
[EventRounds "10"]
[EventCountry "BRA"]

1. e4 c5 2. Nf3 e6 3. d4 cxd4 4. Nxd4 Nf6 5. Nc3 d6 6. Be3 Be7 7. f4 O-O 8. Qf3 Bd7 9. Bd3 g6 10. O-O Re8 11. e5 dxe5 12. fxe5 Bc6 13. Nxc6 Nxc6 14. exf6 Bd6 15. Rad1 Be5 16. Bxg6 hxg6 17. Rxd8 Raxd8 18. Qh3 Bxf6 19. Rxf6 Kg7 20. Rf1 Kf8 21. Qh7 Ke7 22. Qxf7+ Kd6 23. Rd1+ Ke5 24. Qf4# 1-0

[Event "V Floripa Open 2019"]
[Site "Florianopolis"]
[Date "2019.01.21"]
[Round "1.170"]
[White "Sarda, Joao Sada"]
[Black "Kruger, Israel"]
[Result "0-1"]
[WhiteElo "1016"]
[BlackElo "1890"]
[PlyCount "27"]
[EventDate "2019.01.21"]
[EventType "swiss"]
[EventRounds "10"]
[EventCountry "BRA"]

1. d4 f5 2. Bf4 e6 3. e3 Nf6 4. c3 d5 5. Nd2 Bd6 6. Bg3 c5 7. Ngf3 Nc6 8. Ne5 O-O 9. Ndf3 cxd4 10. exd4 Ne4 11. Bh4 g5 12. Nxg5 Nxg5 13. Qh5 Be7 14. O-O-O 0-1

[Event "V Floripa Open 2019"]
[Site "Florianopolis"]
[Date "2019.01.21"]
[Round "1.171"]
[White "Almeida, Heidy Jose Moreira "]
[Black "Schroeder, Matheus"]
[Result "1-0"]
[WhiteElo "1886"]
[BlackElo "1003"]
[PlyCount "49"]
[EventDate "2019.01.21"]
[EventType "swiss"]
[EventRounds "10"]
[EventCountry "BRA"]

1. e4 e5 2. Nf3 Nc6 3. Bb5 Nf6 4. O-O a6 5. Bxc6 bxc6 6. Nxe5 Qe7 7. d4 Nxe4 8. Re1 d5 9. f3 f6 10. Nxc6 Qd6 11. fxe4 Qxc6 12. exd5+ Be7 13. dxc6 Bf5 14. Qe2 O-O 15. Qxe7 Rae8 16. Qxe8 Rxe8 17. Rxe8+ Kf7 18. Rb8 Ke6 19. c4 Kd6 20. d5 Bd3 21. b3 g5 22. Ba3+ Ke5 23. d6 cxd6 24. c7 Bf5 25. Bb2+ 1-0

[Event "V Floripa Open 2019"]
[Site "Florianopolis"]
[Date "2019.01.21"]
[Round "1.172"]
[White "Schadeck, Horst"]
[Black "Barbosa, Flavio Novais"]
[Result "1/2-1/2"]
[WhiteElo "2091"]
[BlackElo "1886"]
[PlyCount "63"]
[EventDate "2019.01.21"]
[EventType "swiss"]
[EventRounds "10"]
[EventCountry "BRA"]

1. d4 Nf6 2. c4 e6 3. Nc3 d5 4. Bg5 Be7 5. e3 c6 6. Nf3 Nbd7 7. Bd3 O-O 8. O-O dxc4 9. Bxc4 Nd5 10. Bxe7 Qxe7 11. Nxd5 exd5 12. Bd3 Re8 13. Qc2 h6 14. Rac1 Nb6 15. Ne5 Nd7 16. f4 Nxe5 17. fxe5 Be6 18. Rf3 Rac8 19. Rcf1 c5 20. Qf2 Kh8 21. Bb1 Rc6 22. Qc2 g6 23. Qd2 cxd4 24. exd4 Qg5 25. Qxg5 hxg5 26. Rc3 Rec8 27. Rfc1 Kg7 28. Rxc6 Rxc6 29. Rxc6 bxc6 30. Kf2 Kf8 31. Ke3 Ke7 32. Kd2 1/2-1/2

[Event "V Floripa Open 2019"]
[Site "Florianopolis"]
[Date "2019.01.21"]
[Round "1.173"]
[White "Frankental, David"]
[Black "Morgado, Leandro Batista"]
[Result "1-0"]
[WhiteElo "1886"]
[BlackElo "1851"]
[PlyCount "123"]
[EventDate "2019.01.21"]
[EventType "swiss"]
[EventRounds "10"]
[EventCountry "BRA"]

1. d4 d5 2. c4 e6 3. Nf3 c6 4. Nc3 f5 5. cxd5 exd5 6. e3 Bd6 7. Bd3 Nf6 8. O-O O-O 9. Ne5 Nbd7 10. f4 Ne4 11. Nxe4 fxe4 12. Be2 Nf6 13. Kh1 c5 14. Rg1 Qb6 15. b3 cxd4 16. exd4 Be6 17. g4 a5 18. f5 Bc8 19. g5 Nd7 20. Bg4 Qd8 21. Bf4 Re8 22. Nf7 Kxf7 23. Bxd6 Nf8 24. g6+ Kg8 25. gxh7+ Nxh7 26. Bh5 Qxd6 27. Bxe8 Bxf5 28. Qh5 Qe6 29. Bg6 Bxg6 30. Rxg6 Nf6 31. Qg5 Qf7 32. Rg1 Ne8 33. Qe5 Ra6 34. R6g5 Rd6 35. Rf5 Rf6 36. Rgg5 Rxf5 37. Rxf5 Nf6 38. h4 Qg6 39. Rg5 Qf7 40. h5 Qd7 41. Qg3 Kh7 42. Re5 Qf7 43. Qg6+ Qxg6 44. hxg6+ Kxg6 45. Re7 Ng4 46. Rxb7 Kf6 47. Kg1 Ne3 48. Rb5 Ke6 49. Rxa5 g5 50. Ra6+ Kf5 51. Rd6 Kf4 52. a4 Nc2 53. Rxd5 e3 54. Re5 Nxd4 55. Re7 Nxb3 56. Kg2 Nd4 57. a5 Nb5 58. a6 g4 59. Rd7 g3 60. a7 Nxa7 61. Rxa7 Ke4 62. Kxg3 1-0

[Event "V Floripa Open 2019"]
[Site "Florianopolis"]
[Date "2019.01.21"]
[Round "1.174"]
[White "Albuquerque, Jefferson G. Souza"]
[Black "Araujo, Everson De Moura"]
[Result "0-1"]
[WhiteElo "1811"]
[BlackElo "1884"]
[PlyCount "54"]
[EventDate "2019.01.21"]
[EventType "swiss"]
[EventRounds "10"]
[EventCountry "BRA"]

1. e4 c5 2. Nf3 e6 3. d4 cxd4 4. Nxd4 a6 5. Nc3 Qc7 6. Bd3 Nf6 7. Qe2 d6 8. Bg5 Be7 9. f4 Nbd7 10. Nf3 h6 11. Bh4 e5 12. Bxf6 Nxf6 13. fxe5 dxe5 14. O-O O-O 15. Kh1 b5 16. Nh4 b4 17. Nd1 Be6 18. Bxa6 Rxa6 19. Rxf6 Bc4 20. Qg4 Rxf6 21. Ne3 Rf4 22. Qh3 Rxh4 23. Qf3 Rf4 24. Qh3 Be6 25. g4 Qc6 26. Nf5 Qxe4+ 27. Kg1 Bc5+ 0-1

[Event "V Floripa Open 2019"]
[Site "Florianopolis"]
[Date "2019.01.21"]
[Round "1.177"]
[White "Leon Lopes, Sergio Amadeus"]
[Black "Ferreira Junior, Luiz Carlos A."]
[Result "1-0"]
[WhiteElo "1879"]
[BlackElo "1995"]
[PlyCount "59"]
[EventDate "2019.01.21"]
[EventType "swiss"]
[EventRounds "10"]
[EventCountry "BRA"]

1. c4 e5 2. Nc3 Bc5 3. Nf3 d6 4. e3 Nf6 5. d4 exd4 6. Nxd4 O-O 7. Be2 a6 8. O-O Qe7 9. b3 Bd7 10. Bf3 Nc6 11. Re1 Rfe8 12. Nxc6 Bxc6 13. Bxc6 bxc6 14. Qf3 Qd7 15. Bb2 Re6 16. Ne2 Bb4 17. Red1 Ne8 18. Nd4 d5 19. Nxe6 fxe6 20. Qg4 Qf7 21. cxd5 Bd6 22. dxe6 Qe7 23. Rac1 c5 24. e4 Nf6 25. Bxf6 Qxf6 26. Qf5 Qh6 27. Qf7+ Kh8 28. e7 Qxh2+ 29. Kf1 Qe5 30. Rxd6 1-0

[Event "V Floripa Open 2019"]
[Site "Florianopolis"]
[Date "2019.01.21"]
[Round "1.180"]
[White "Bauer, Beatriz"]
[Black "Resende, Lucas B. Massucato"]
[Result "0-1"]
[WhiteElo "1727"]
[BlackElo "1876"]
[PlyCount "66"]
[EventDate "2019.01.21"]
[EventType "swiss"]
[EventRounds "10"]
[EventCountry "BRA"]

1. d4 e6 2. Nf3 f5 3. Bf4 Nf6 4. Nbd2 d5 5. e3 Bd6 6. Bg3 O-O 7. c3 c6 8. Bd3 b6 9. Qc2 Bb7 10. O-O-O Qe7 11. h4 Bxg3 12. fxg3 Nbd7 13. Rdf1 Ng4 14. h5 Nxe3 15. Qb1 Nxf1 16. Nxf1 Nf6 17. Ne5 c5 18. dxc5 Qxc5 19. Nd2 Qe3 20. Qc2 Qxe5 21. g4 Ne4 22. Nf3 Qf4+ 23. Kb1 fxg4 24. Nd4 Rac8 25. Ne2 Qe3 26. g3 Rf2 27. Qd1 Qf3 28. a3 Rf8 29. Nd4 Nd2+ 30. Kc2 Qxd1+ 31. Rxd1 Nc4+ 32. Kb3 Rxb2+ 33. Ka4 Bc6+ 0-1

[Event "V Floripa Open 2019"]
[Site "Florianopolis"]
[Date "2019.01.21"]
[Round "1.181"]
[White "Klein, Luan Carlos"]
[Black "Belle, Davi Lorensatto Fer"]
[Result "1-0"]
[WhiteElo "1875"]
[BlackElo "1769"]
[PlyCount "87"]
[EventDate "2019.01.21"]
[EventType "swiss"]
[EventRounds "10"]
[EventCountry "BRA"]

1. e4 e6 2. d3 d5 3. Nd2 Ne7 4. g3 dxe4 5. dxe4 g6 6. Bg2 Nbc6 7. Ngf3 Bg7 8. O-O O-O 9. Qe2 e5 10. c3 Bg4 11. Nc4 Bxf3 12. Qxf3 f5 13. exf5 Nxf5 14. Qd5+ Qxd5 15. Bxd5+ Kh8 16. Re1 Nd6 17. Nxd6 cxd6 18. Be3 Rac8 19. Rad1 Rfe8 20. Bg5 h6 21. Be3 b6 22. Bf7 Red8 23. Bxg6 Ne7 24. Be4 d5 25. Bg2 d4 26. cxd4 exd4 27. Bxh6 Nf5 28. Bxg7+ Kxg7 29. Be4 Kf6 30. Re2 Rd6 31. Red2 Rcd8 32. Rd3 Ne7 33. f4 Ng6 34. Kf2 Ne5 35. fxe5+ Kxe5 36. Bf3 Rf6 37. h4 Rdf8 38. g4 Rf4 39. Kg3 Rd8 40. Re1+ Kd6 41. Kxf4 Kc5 42. Rc1+ Kb5 43. Bc6+ Ka6 44. Ra3# 1-0

[Event "V Floripa Open 2019"]
[Site "Florianopolis"]
[Date "2019.01.21"]
[Round "1.184"]
[White "Camporez Da Silva, Beatriz"]
[Black "Cardozo, Matheus Santos"]
[Result "0-1"]
[WhiteElo "1760"]
[BlackElo "1869"]
[PlyCount "68"]
[EventDate "2019.01.21"]
[EventType "swiss"]
[EventRounds "10"]
[EventCountry "BRA"]

1. e4 c5 2. Nf3 d6 3. c3 Nf6 4. d3 Nc6 5. Be2 g6 6. O-O Bg7 7. Be3 Ng4 8. Nbd2 Nxe3 9. fxe3 Bh6 10. Kh1 O-O 11. a4 e6 12. Re1 Bxe3 13. Nc4 Bh6 14. Qc2 Bg7 15. Rad1 d5 16. Ne3 d4 17. Nc4 b6 18. Qc1 Qc7 19. Rf1 Ba6 20. Na3 Rad8 21. c4 Bb7 22. Rf2 Ne5 23. h3 Nxf3 24. Rxf3 f5 25. Qc2 fxe4 26. Rxf8+ Rxf8 27. dxe4 Qg3 28. Qd3 Qh4 29. Bg4 Qe7 30. Nc2 h5 31. Bf3 Be5 32. b3 Qh4 33. Rf1 Qg3 34. Kg1 g5 0-1

[Event "V Floripa Open 2019"]
[Site "Florianopolis"]
[Date "2019.01.21"]
[Round "1.186"]
[White "De Camargo, Elisandy Yolainny M"]
[Black "Silva, Fernando So Barros "]
[Result "0-1"]
[WhiteElo "1778"]
[BlackElo "1867"]
[PlyCount "62"]
[EventDate "2019.01.21"]
[EventType "swiss"]
[EventRounds "10"]
[EventCountry "BRA"]

1. e4 c5 2. Nc3 e6 3. Bc4 a6 4. a4 Nc6 5. Nf3 Nge7 6. O-O d5 7. exd5 Nxd5 8. Bxd5 exd5 9. Re1+ Be7 10. d4 cxd4 11. Nxd4 O-O 12. Nxc6 bxc6 13. Be3 a5 14. h3 Rb8 15. b3 Bf6 16. Bd4 Rb4 17. Bxf6 Qxf6 18. Na2 Rd4 19. Qe2 Bf5 20. c3 Rf4 21. b4 Qg6 22. Kh2 h5 23. g3 Be4 24. Rg1 Rf3 25. Rad1 Qf6 26. Rgf1 h4 27. bxa5 Ra8 28. Rb1 Bxb1 29. Kg1 Bd3 30. Qe1 Bxf1 31. Kxf1 hxg3 0-1

[Event "V Floripa Open 2019"]
[Site "Florianopolis"]
[Date "2019.01.21"]
[Round "1.191"]
[White "Kanzler, Karina Daniela Ferr"]
[Black "De Oliveira, Marlon Joshua"]
[Result "1-0"]
[WhiteElo "1856"]
[BlackElo "1800"]
[PlyCount "79"]
[EventDate "2019.01.21"]
[EventType "swiss"]
[EventRounds "10"]
[EventCountry "BRA"]

1. b3 d5 2. Bb2 Bf5 3. Nf3 Nf6 4. e3 e6 5. d3 Nbd7 6. Be2 Be7 7. Nbd2 h6 8. Nd4 Bh7 9. f4 Bc5 10. Bf3 c6 11. a3 a5 12. O-O O-O 13. Kh1 Qc7 14. Qe1 Rfe8 15. Qg3 Bd6 16. Rad1 e5 17. Ne2 d4 18. exd4 exf4 19. Qf2 Nd5 20. Bxd5 cxd5 21. Rc1 g5 22. Nc3 Nf6 23. Nb5 Qd7 24. Nxd6 Qxd6 25. g3 Ng4 26. Qf3 Re3 27. Qxg4 fxg3 28. Nf3 gxh2 29. Nxh2 f5 30. Qg2 Rae8 31. Bc3 Rg3 32. Qf2 f4 33. a4 Qc7 34. Bd2 Rf8 35. Qe1 Qd7 36. Qf2 Qc7 37. Rg1 Rh3 38. Qg2 Rg3 39. Qxd5+ Kh8 40. Qe5+ 1-0

[Event "V Floripa Open 2019"]
[Site "Florianopolis"]
[Date "2019.01.21"]
[Round "1.193"]
[White "Silva, Janderson Rossi Da"]
[Black "Dummer, Micael Schwenske"]
[Result "0-1"]
[WhiteElo "1850"]
[BlackElo "1800"]
[PlyCount "110"]
[EventDate "2019.01.21"]
[EventType "swiss"]
[EventRounds "10"]
[EventCountry "BRA"]

1. e4 e5 2. Nf3 f5 3. Nxe5 Qf6 4. d4 d6 5. Nc4 fxe4 6. Nc3 Qg6 7. g3 Nf6 8. d5 Be7 9. Qd4 O-O 10. Bg2 Bf5 11. Ne3 c5 12. Qa4 Na6 13. O-O Nc7 14. Qc4 Bd7 15. a4 a6 16. Bxe4 Nxe4 17. Qxe4 Qf7 18. Bd2 Rae8 19. Qg2 Qh5 20. g4 Qh4 21. Qg3 Qh6 22. f4 Bh4 23. Qf3 Rf7 24. Ne4 Qg6 25. f5 Rxe4 26. Qxe4 Qf6 27. Bc3 Qg5 28. Ng2 Re7 29. Qf3 Kf8 30. Qh3 Re2 31. Qxh4 Rxg2+ 32. Kxg2 Qxh4 33. h3 Nxd5 34. Rae1 Bc6 35. Kh2 Nxc3 36. bxc3 Qf6 37. Re3 Bxa4 38. Rfe1 Qd8 39. Re6 Bc6 40. Kg3 Qc7 41. g5 d5+ 42. Kg4 Kf7 43. h4 Bd7 44. Re7+ Kf8 45. h5 Bxf5+ 46. Kxf5 Qxe7 47. Rxe7 Kxe7 48. Ke5 d4 49. cxd4 cxd4 50. Kxd4 Ke6 51. c4 b6 52. Ke4 a5 53. Kd4 a4 54. Kd3 Kd6 55. Kc3 Kc5 0-1

[Event "V Floripa Open 2019"]
[Site "Florianopolis"]
[Date "2019.01.21"]
[Round "1.194"]
[White "Ferraz, Joao Vitor Koenig"]
[Black "Dos Santos, Dwlyan Silva"]
[Result "1-0"]
[WhiteElo "1711"]
[BlackElo "1846"]
[PlyCount "149"]
[EventDate "2019.01.21"]
[EventType "swiss"]
[EventRounds "10"]
[EventCountry "BRA"]

1. d4 Nf6 2. c4 e6 3. Nc3 Bb4 4. Qc2 d5 5. Nf3 O-O 6. Bg5 h6 7. Bh4 Nbd7 8. e3 c6 9. a3 Bd6 10. b4 dxc4 11. Bxc4 e5 12. Bxf6 Qxf6 13. Ne4 Qg6 14. O-O exd4 15. Nxd4 Ne5 16. Nxd6 Qxd6 17. Ba2 Ng4 18. Nf3 Ne5 19. Nxe5 Qxe5 20. Rfd1 Bf5 21. Qc4 Rad8 22. Rac1 Be6 23. Qc2 Bxa2 24. Qxa2 Rd6 25. Rxd6 Qxd6 26. Qb3 Rd8 27. Qc2 Qd3 28. Qxd3 Rxd3 29. Ra1 Rb3 30. Kf1 f5 31. Ke2 Kf8 32. h4 Ke7 33. Kf3 Kf6 34. g4 g6 35. gxf5 Kxf5 36. Kg3 g5 37. hxg5 hxg5 38. Kf3 Rb2 39. Rd1 Rb3 40. Rd7 Rxa3 41. Rxb7 Rb3 42. Rc7 Rxb4 43. Rxc6 Ra4 44. Rc5+ Kg6 45. e4 Ra6 46. Kg4 Ra2 47. Rxg5+ Kf6 48. Rf5+ Ke6 49. f3 a5 50. Rb5 a4 51. Ra5 Ra1 52. Kf4 a3 53. e5 Rh1 54. Rxa3 Rh4+ 55. Kg5 Rh3 56. Kg4 Rh1 57. f4 Rg1+ 58. Rg3 Rf1 59. Kg5 Re1 60. Rg4 Rh1 61. Kg6 Rh8 62. Kg7 Rh5 63. Rg6+ Ke7 64. Rf6 Rh2 65. f5 Re2 66. Rf7+ Ke8 67. e6 Re3 68. Kf6 Rh3 69. Rg7 Rh6+ 70. Rg6 Rh8 71. e7 Kd7 72. Kf7 Rh7+ 73. Rg7 Rxg7+ 74. Kxg7 Kxe7 75. f6+ 1-0

[Event "V Floripa Open 2019"]
[Site "Florianopolis"]
[Date "2019.01.21"]
[Round "1.195"]
[White "Salvadego, Matheus Henrique De"]
[Black "Ferreira, Mateus Benedito Mar"]
[Result "1-0"]
[WhiteElo "1844"]
[BlackElo "1810"]
[PlyCount "39"]
[EventDate "2019.01.21"]
[EventType "swiss"]
[EventRounds "10"]
[EventCountry "BRA"]

1. d4 d5 2. c4 c6 3. Nc3 Nf6 4. Nf3 e6 5. e3 dxc4 6. a4 Bb4 7. Bxc4 O-O 8. O-O Nbd7 9. Qe2 b6 10. e4 Bb7 11. Bg5 Qc7 12. Na2 c5 13. Nxb4 cxb4 14. e5 Bxf3 15. gxf3 Nd5 16. Rac1 Qb7 17. Ba6 Qb8 18. Bb5 Qe8 19. Bc6 Rc8 20. Qb5 1-0

[Event "V Floripa Open 2019"]
[Site "Florianopolis"]
[Date "2019.01.21"]
[Round "1.197"]
[White "De Haro, Martim Afonso Palma"]
[Black "Santos, Matheus G De Olivei"]
[Result "1-0"]
[WhiteElo "1837"]
[BlackElo "1318"]
[PlyCount "109"]
[EventDate "2019.01.21"]
[EventType "swiss"]
[EventRounds "10"]
[EventCountry "BRA"]

1. e4 e5 2. f4 d5 3. exd5 e4 4. Nc3 Nf6 5. d3 Bb4 6. a3 Bxc3+ 7. bxc3 Qxd5 8. Ne2 Bg4 9. h3 Bxe2 10. Bxe2 O-O 11. dxe4 Qxd1+ 12. Bxd1 Nxe4 13. O-O Nxc3 14. Bf3 Nc6 15. Bd2 Nb5 16. Rab1 Ncd4 17. Bxb7 Rab8 18. Ba6 Rfe8 19. a4 Nd6 20. Ba5 Rxb1 21. Rxb1 c5 22. Bc7 Ne4 23. Bd3 Nc3 24. Rb7 Nxa4 25. Rxa7 Nc3 26. Bb6 Nde2+ 27. Kh2 Nxf4 28. Bc4 Ne6 29. Bxc5 Ne4 30. Ba3 g6 31. Bd5 Nc3 32. Ra8 Rxa8 33. Bxa8 Nb5 34. Bb2 f5 35. c4 Nbc7 36. Bc6 Kf7 37. Be5 Ke7 38. Kg3 Ne8 39. Kf3 Nd6 40. Bd5 g5 41. Ke3 Nc7 42. Bg8 Ne6 43. Kd3 h5 44. Bxd6+ Kxd6 45. Bxe6 Kxe6 46. Kd4 g4 47. hxg4 fxg4 48. g3 h4 49. gxh4 g3 50. Ke3 Kd6 51. h5 Ke5 52. h6 Kf5 53. h7 Kg4 54. h8=Q g2 55. Kf2 1-0

[Event "V Floripa Open 2019"]
[Site "Florianopolis"]
[Date "2019.01.21"]
[Round "1.199"]
[White "Pereira, Thales Oliveira"]
[Black "Goncalves, Maria Talissa Neves"]
[Result "1-0"]
[WhiteElo "1836"]
[BlackElo "1793"]
[PlyCount "57"]
[EventDate "2019.01.21"]
[EventType "swiss"]
[EventRounds "10"]
[EventCountry "BRA"]

1. e4 e5 2. Nf3 Nf6 3. Bc4 h6 4. d4 d6 5. dxe5 dxe5 6. Qxd8+ Kxd8 7. Bxf7 Nc6 8. Nbd2 Bb4 9. c3 Bd6 10. Bb3 b6 11. O-O Bb7 12. Re1 Re8 13. Bc2 Kd7 14. Nc4 Rad8 15. Nxd6 cxd6 16. b3 Kc8 17. c4 Nd4 18. Nxd4 exd4 19. f3 d5 20. cxd5 Bxd5 21. Bb2 Bc6 22. Rad1 Re6 23. Rxd4 Rde8 24. Red1 Nh5 25. Rd6 Nf4 26. Rxe6 Rxe6 27. Kf2 Rg6 28. Ke3 Rg5 29. e5 1-0

[Event "V Floripa Open 2019"]
[Site "Florianopolis"]
[Date "2019.01.21"]
[Round "1.200"]
[White "Marocco, Gabriel Leao Quadro"]
[Black "Schena, Arthur"]
[Result "0-1"]
[WhiteElo "1762"]
[BlackElo "1831"]
[PlyCount "23"]
[EventDate "2019.01.21"]
[EventType "swiss"]
[EventRounds "10"]
[EventCountry "BRA"]

1. e4 d6 2. d4 Nf6 3. Nc3 Nbd7 4. Nf3 g6 5. Bc4 Bg7 6. O-O O-O 7. Be3 e5 8. dxe5 dxe5 9. Qd2 Qe7 10. Bh6 Nc5 11. Bxg7 Kxg7 12. Rfe1 0-1

[Event "V Floripa Open 2019"]
[Site "Florianopolis"]
[Date "2019.01.21"]
[Round "1.202"]
[White "Metidieri, Diogenes Galavotti"]
[Black "Predebon, Eduardo Angonesi"]
[Result "0-1"]
[WhiteElo "1800"]
[BlackElo "1825"]
[PlyCount "90"]
[EventDate "2019.01.21"]
[EventType "swiss"]
[EventRounds "10"]
[EventCountry "BRA"]

1. d4 Nf6 2. c4 c5 3. Nf3 g6 4. e3 Bg7 5. Bd3 O-O 6. O-O d6 7. Nc3 Nbd7 8. Re1 a6 9. d5 Rb8 10. e4 Ng4 11. Qc2 Nge5 12. Nxe5 Nxe5 13. Bg5 Re8 14. Be2 Qa5 15. b3 Nxc4 16. Rec1 Na3 17. Qd2 b5 18. Bh6 Bh8 19. Nb1 Qxd2 20. Nxd2 Bxa1 21. Rxa1 b4 22. Nc4 Nb5 23. Kf1 Bd7 24. a4 bxa3 25. Nxa3 Nxa3 26. Rxa3 Bb5 27. Bxb5 axb5 28. Bd2 Ra8 29. Ra5 Rxa5 30. Bxa5 b4 31. Bc7 Rc8 32. Bb6 Kf8 33. Ke2 Ke8 34. Kd3 Rb8 35. Ba5 Kd7 36. Kc4 Ra8 37. Kb5 f5 38. f3 fxe4 39. fxe4 Rf8 40. h3 Rf2 41. g4 Rf3 42. Kc4 Rc3+ 43. Kb5 Rxb3 44. g5 Rxh3 45. Kb6 b3 0-1

[Event "V Floripa Open 2019"]
[Site "Florianopolis"]
[Date "2019.01.22"]
[Round "2.1"]
[White "Tomiello, Lucas Costamilan"]
[Black "Granda Zuniga, Julio E"]
[Result "0-1"]
[WhiteElo "1990"]
[BlackElo "2641"]
[Annotator "TA"]
[PlyCount "54"]
[EventDate "2019.01.21"]
[EventType "swiss"]
[EventRounds "10"]
[EventCountry "BRA"]

1. e4 c5 2. Nf3 Nc6 3. d4 cxd4 4. Nxd4 e6 5. Nc3 Qc7 6. Be3 a6 7. a3 Nf6 8. f4 d6 9. Qf3 Be7 10. Bd3 O-O 11. O-O-O Nd7 12. g4 Nc5 13. Be2 Bd7 14. g5 Rfc8 15. Rd2 b5 16. Nxc6 Bxc6 17. f5 exf5 18. Qxf5 g6 19. Qf4 Ne6 20. Qg3 Rab8 21. h4 b4 22. axb4 Rxb4 23. h5 Qa5 24. Kb1 Bxe4 25. Rh4 Rxb2+ 26. Kxb2 Qxc3+ 27. Ka2 Qa5+ 0-1

[Event "V Floripa Open 2019"]
[Site "Florianopolis"]
[Date "2019.01.22"]
[Round "2.3"]
[White "Lage, Pedro Ferreira"]
[Black "Felgaer, Ruben"]
[Result "0-1"]
[WhiteElo "1986"]
[BlackElo "2567"]
[Annotator "TA"]
[PlyCount "82"]
[EventDate "2019.01.21"]
[EventType "swiss"]
[EventRounds "10"]
[EventCountry "BRA"]

1. Nf3 c5 2. g3 Nc6 3. c4 g6 4. Nc3 Bg7 5. Bg2 d6 6. O-O Qd7 7. b3 Bxc3 8. dxc3 Nf6 9. Qd3 b6 10. Bg5 Bb7 11. Rad1 Ng4 12. Bf4 O-O-O 13. e4 f6 14. Bc1 Kb8 15. Qe2 h5 16. Nh4 Qe8 17. f3 g5 18. Nf5 Nh6 19. Rfe1 h4 20. g4 h3 21. Nxh6 Rxh6 22. Bf1 Ne5 23. Be3 f5 24. gxf5 Qh5 25. Bf2 Nxf3+ 26. Kh1 Nxe1 27. Rxe1 Qxe2 28. Rxe2 e6 29. Kg1 Rf8 30. fxe6 Rxe6 31. Bxh3 Rxe4 32. Rd2 Rf6 33. Bg3 Kc7 34. Bg2 Ree6 35. Bd5 Bxd5 36. cxd5 Re4 37. c4 a6 38. Kg2 b5 39. cxb5 axb5 40. Rc2 Kb6 41. Bf2 Rf5 0-1

[Event "V Floripa Open 2019"]
[Site "Florianopolis"]
[Date "2019.01.22"]
[Round "2.4"]
[White "Supi, Luis Paulo"]
[Black "Gazola, Vanessa Ramos"]
[Result "1-0"]
[WhiteElo "2546"]
[BlackElo "1982"]
[Annotator "TA"]
[PlyCount "83"]
[EventDate "2019.01.21"]
[EventType "swiss"]
[EventRounds "10"]
[EventCountry "BRA"]

1. c4 e6 2. g3 Nf6 3. Bg2 d5 4. Nf3 Be7 5. O-O O-O 6. b3 c5 7. Bb2 Nc6 8. e3 b6 9. Qe2 Bb7 10. Rd1 Qc7 11. Nc3 dxc4 12. Nb5 Qb8 13. bxc4 a6 14. Nc3 Qc7 15. Rab1 Rab8 16. Ba1 Rfd8 17. d3 Ba8 18. Ne1 Na7 19. Bxa8 Rxa8 20. g4 Rab8 21. a4 Ne8 22. Ne4 Nc6 23. f4 Nd6 24. Ng3 Ne8 25. g5 g6 26. Qb2 f6 27. Nf3 e5 28. gxf6 Bxf6 29. fxe5 Bg7 30. Ne4 Nb4 31. Nf6+ Kh8 32. Qf2 Qc6 33. Ng5 Rb7 34. Ngxh7 Nxf6 35. Nxf6 Bxf6 36. exf6 Rf7 37. d4 Qxa4 38. Rd2 a5 39. d5 Qe8 40. Qh4+ Kg8 41. e4 b5 42. Rg2 1-0

[Event "V Floripa Open 2019"]
[Site "Florianopolis"]
[Date "2019.01.22"]
[Round "2.5"]
[White "Pereira da Silva, Breno D alkmin"]
[Black "Fier, Alexandr"]
[Result "0-1"]
[WhiteElo "1982"]
[BlackElo "2540"]
[Annotator "TA"]
[PlyCount "100"]
[EventDate "2019.01.21"]
[EventType "swiss"]
[EventRounds "10"]
[EventCountry "BRA"]

1. e4 c5 2. Nf3 e6 3. d4 cxd4 4. Nxd4 Nf6 5. Nc3 d6 6. Be2 Be7 7. O-O Nc6 8. Nb3 O-O 9. Be3 a6 10. f4 b5 11. a3 Bb7 12. Bf3 Qc7 13. Kh1 Nd7 14. g4 Nb6 15. Bxb6 Qxb6 16. g5 a5 17. a4 b4 18. Nb5 e5 19. f5 Bxg5 20. Qxd6 Rfd8 21. Qc7 Qxc7 22. Nxc7 Rac8 23. Nd5 Nd4 24. Nxd4 exd4 25. Rg1 Bxd5 26. Rxg5 f6 27. Rg2 Bc6 28. Rag1 Rc7 29. b3 d3 30. cxd3 Rxd3 31. Be2 Rd4 32. Bc4+ Rxc4 33. bxc4 Bxe4 34. Rc1 Rc5 35. Kg1 Bxg2 36. Kxg2 Kf7 37. Kg3 Rxf5 38. c5 Ke7 39. c6 Kd8 40. c7+ Kc8 41. Kg4 Rd5 42. Kf4 Rd7 43. Rc5 Rxc7 44. Rxa5 b3 45. Rb5 Rb7 46. Rc5+ Kb8 47. Rc1 b2 48. Rb1 Ka7 49. h4 Ka6 50. h5 Ka5 0-1

[Event "V Floripa Open 2019"]
[Site "Florianopolis"]
[Date "2019.01.22"]
[Round "2.6"]
[White "Cubas, Jose Fernando"]
[Black "Acosta, Pablo Alejandro"]
[Result "1-0"]
[WhiteElo "2506"]
[BlackElo "1981"]
[PlyCount "37"]
[EventDate "2019.01.21"]
[EventType "swiss"]
[EventRounds "10"]
[EventCountry "BRA"]

1. e4 d6 2. d4 Nf6 3. Nc3 g6 4. Bg5 Bg7 5. e5 dxe5 6. dxe5 Qxd1+ 7. Rxd1 Nfd7 8. Nd5 Bxe5 9. Nf3 Bd6 10. Bxe7 Bxe7 11. Nxc7+ Kd8 12. Nxa8 Bf6 13. Bc4 Re8+ 14. Kd2 Bxb2 15. c3 Nc6 16. Bxf7 Re7 17. Ng5 Re5 18. f4 Rf5 19. Rhe1 1-0

[Event "V Floripa Open 2019"]
[Site "Florianopolis"]
[Date "2019.01.22"]
[Round "2.7"]
[White "Carvalho Jr, Celestino"]
[Black "Rodriguez Vila, Andres"]
[Result "0-1"]
[WhiteElo "1976"]
[BlackElo "2480"]
[Annotator "TA"]
[PlyCount "32"]
[EventDate "2019.01.21"]
[EventType "swiss"]
[EventRounds "10"]
[EventCountry "BRA"]

1. Nf3 d6 2. g3 e5 3. d3 f5 4. Bg2 Nf6 5. O-O Be7 6. c4 O-O 7. Nc3 c6 8. c5 Na6 9. cxd6 Bxd6 10. a3 Qe7 11. b4 Nc7 12. Bb2 Kh8 13. Nd2 Be6 14. Nc4 Bxc4 15. dxc4 e4 16. e3 Qe6 0-1